000 00667 a2200181 4500
999 _c6423
_d6423
020 _a0908307608
050 0 0 _aQH 541.5 MOY 1997
245 0 0 _aLake Chivero :
_ba polluted lake /
_cedited by N.A.G. Moyo.
264 _aHarare:
_bUniversity of Zimbabwe Publications,
_c1997
300 _aviii, 134 p. :
_bill., maps ;
500 _a"IUCN."
504 _aIncludes bibliographical references.
650 0 _aWater
_xPollution
650 0 _aSewage disposal in rivers, lakes, etc.
_xEnvironmental aspects
700 1 _aMoyo, N. A. G.
_q(Ngonidzashe A. G.)
710 2 _aInternational Union for Conservation of Nature and Natural Resources.
942 _2lcc
_cBK
_h541.5
_iMOY
_kQH